LEADER 01048nam a2200217 i 4500 001 000000187756 003 CaOOAMICUS 005 20100323000000.0 008 100323s1959 it u000 u fre u 013 $a165857 040 $aSeMil$bita 245 13$aLa Conscience Chrétienne et les Nationalismes :$bSemaine des Intellectuels Catholiques (5 au 11 novembre 1958) /$cCentre Catholique des Intellectuels Français. 260 $aParis :$bHoray,$c1959. 300 $a286 p. ;$c20 cm. 490 0 $aSemaine des intellectuels catholiques 710 0 $aCentre Catholique des Intellectuels Français.$0(OLS)http://semarc/name/5510 830 0$aSemaine des intellectuels catholiques.$0(OLS)http://semarc/title/31072 850 $aSeMil 852 $aSeMil$W1$xVenegono$y1$m3F II 110$j138443$B138443$CSeMilBibl$Z2$F149905 $81 996 $6245$aLa Conscience Chrétienne et les Nationalismes :$bSemaine des Intellectuels Catholiques (5 au 11 novembre 1958)$9(OLS)http://semarc/title/270113 996 $6260$aParis :$bHoray$9(OLS)http://semarc/publisher/35855 LEADER 01611nam a2200289 i 4500 001 000000116483 003 CaOOAMICUS 005 20080228000000.0 008 080228s1979 fr u000 u fre u 013 $a89172 020 $a2-13-036306-7 040 $aSeMil$bita 100 1 $aLévitte, Georges.$0(OLS)http://semarc/name/7458 245 10$aJérusalem l'unique et l'universel :$bdonnées et débats : 19. Colloque d'Intellectuels juifs de Langue française organisé par la Section Française du Congrès Juif Mondial /$ctextes introduits, présentés et revus par Jean Halpérin et Georges Lévitte. 260 $aParis :$bPresses Universitaires de France,$c1979. 300 $a205 p. ;$c24 cm. 500 $aIn testa al front. : Congrès juif mondial. - Fondo Card. C.M. Martini. 650 4$aGerusalemme - Atti di congressi.$0(OLS)http://semarc/subject/21481 700 1 $aHalpérin, Jean <1921->.$0(OLS)http://semarc/name/45585 700 1 $aColloque des intellectuels juifs de Langue française <19.>.$0(OLS)http://semarc/name/48668 850 $aSeMil 852 $aSeMil$W1$xVenegono$y1$m2V V 60$j270469$B71921$CSeMilBibl$Z2$F102215 $81 941 1 $a4 961 $aOmaggio: Martini Card. Carlo Maria 996 $6020$a2-13-036306-7$9(OLS)http://semarc/number/100620 996 $6245$aJérusalem l'unique et l'universel :$bdonnées et débats : 19. Colloque d'Intellectuels juifs de Langue française organisé par la Section Française du Congrès Juif Mondial$9(OLS)http://semarc/title/170820 996 $6260$aParis :$bPresses Universitaires de France$9(OLS)http://semarc/publisher/30047